Welcome to CU Library Online Public Access Catalogue (OPAC)

Handbook of Anatomy and Physiology for Para-Medics/ (Record no. 2392)

MARC details
000 -LEADER
fixed length control field 00531nam a22001577a 4500
005 - DATE AND TIME OF LATEST TRANSACTION
control field 20241217124623.0
008 - FIXED-LENGTH DATA ELEMENTS--GENERAL INFORMATION
fixed length control field 241217b |||||||| |||| 00| 0 eng d
020 ## - INTERNATIONAL STANDARD BOOK NUMBER
International Standard Book Number 9788180040054
050 ## - LIBRARY OF CONGRESS CALL NUMBER
Classification number QP35 SEK
100 ## - MAIN ENTRY--PERSONAL NAME
Personal name Sekhar, A. Chandra
245 ## - TITLE STATEMENT
Title Handbook of Anatomy and Physiology for Para-Medics/
Remainder of title for B.SC. Nursing, Physiotherapy & Pharmacy
Statement of responsibility, etc. A. Chandra Sekhar
260 ## - PUBLICATION, DISTRIBUTION, ETC.
Place of publication, distribution, etc. New Delhi
Name of publisher, distributor, etc. All India Publishers & Distributors
Date of publication, distribution, etc. 2007
300 ## - PHYSICAL DESCRIPTION
Extent 408p.
Other physical details ill. some color
Dimensions 23.5cm
500 ## - GENERAL NOTE
General note includes index
942 ## - ADDED ENTRY ELEMENTS (KOHA)
Source of classification or shelving scheme Library of Congress Classification
Koha item type Books
Suppress in OPAC No
999 ## -
-- 2392
-- 2392
Holdings
Withdrawn status Lost status Source of classification or shelving scheme Damaged status Not for loan Collection Home library Current library Shelving location Date acquired Total checkouts Full call number Barcode Date last seen Copy number Price effective from Koha item type
    Library of Congress Classification     Non-fiction Science Library (Miotso) Science Library (Miotso) General stacks 12/17/2024   QP35 SEK SLM00001670 12/17/2024 1 12/17/2024 Books
© 2023-2024 Copyright: Central University Libraries. All Rights Reserved | Created by: Mahone Tech Office